Současný evropský recept na řešení krizí - centralizace a regulace v kontextu ekonomických teorií Rakouské školy a základních principů Evropské unie
Odpovede na otázku, či sú stále zásada subsidiarity a decentralizácia hlavnými motívmi politík EÚ. Porovnanie postupu EÚ s ekonomickými prístupmi Rakúskej školy a zhodnotenie dopadov dotačnej politiky na ekonomiky členských štátov.,
Salvato in:
| Autore principale: | |
|---|---|
| Natura: | Capitolo di libro |
| Lingua: | inglese |
| Soggetti: | |
| Tags: |
Nessun Tag, puoi essere il primo ad aggiungerne!!
|
MARC
| LEADER | 00000naa a2200000 4500 | ||
|---|---|---|---|
| 001 | 0178297 | ||
| 005 | 20231010070218.2 | ||
| 041 | 0 | |a eng | |
| 044 | |a CZ | ||
| 245 | 1 | 0 | |a Současný evropský recept na řešení krizí - centralizace a regulace v kontextu ekonomických teorií Rakouské školy a základních principů Evropské unie |c Helena Mitwallyová |
| 520 | |a Odpovede na otázku, či sú stále zásada subsidiarity a decentralizácia hlavnými motívmi politík EÚ. Porovnanie postupu EÚ s ekonomickými prístupmi Rakúskej školy a zhodnotenie dopadov dotačnej politiky na ekonomiky členských štátov., | ||
| 610 | 2 | 0 | |a kríza hospodárska |
| 610 | 2 | 0 | |a Európska únia |
| 610 | 2 | 0 | |a centralizácia |
| 610 | 2 | 0 | |a regulácia |
| 610 | 2 | 0 | |a dotácie |
| 610 | 2 | 0 | |a teórie ekonomické |
| 610 | 2 | 0 | |a subsidiarita |
| 100 | 1 | |a Mitwallyová, Helena | |